000 00222nam a22001097a 4500
999 _c260908
_d260907
020 _a0590313185
100 _aJames Howe
245 _aBunnicula
260 _aNew York
_bScholastic
_c1979
300 _a98 pgs
942 _cBK